Salve, Regína - Statistics

General Stats
  • This quiz has been taken 82 times
  • The average score is 29 of 56
Answer Stats
Answer % Correct
Regina,
100%
Salve,
100%
Mater
88%
et
74%
nostra,
74%
spes
74%
Ad
71%
salve.
71%
te
71%
vita,
71%
clamámus,
68%
dulcédo
68%
te
62%
Ad
59%
et
56%
flentes
53%
hac
53%
in
53%
Maria!
53%
misericórdiæ,
53%
O
53%
o
53%
o
53%
pia,
53%
suspirámus
53%
valle.
53%
Virgo
53%
clemens,
50%
ergo,
50%
lacrimárum
50%
advocáta
47%
dulcis
47%
geméntes
47%
nostra,
47%
ad
44%
convérte.
44%
Hevæ.
44%
illos
44%
nos
44%
óculos
44%
Éia
41%
fílii
41%
tuos
41%
Et
38%
tui,
38%
éxsules
35%
nobis,
35%
benedíctum
32%
fructum
32%
misericórdes
32%
ventris
32%
hoc
29%
Iesum
29%
post
29%
osténde.
26%
exsílium,
24%
No matching quizzes found
Score Distribution
Percent of People with Each Score
Percentile by Number Answered
Your Score History
You have not taken this quiz